banner-ar

CAD\CAM\CAE SYSTEMS / (Record no. 21614)

MARC details
000 -الفاتح
حقل البيانات ثابتة الطول 00473nam a2200181Ia 4500
008 - عناصر البيانات ثابتة الطول - معلومات عامة
حقل البيانات ثابتة الطول 140319s9999 xx 000 0 eng d
040 ## - مصدر الفهرسة
وكالة الفهرسة الأصلية GCL /
وكالة النسخ GCL
082 04 - رقم تصنيف ديوى العشرى
رقم التصنيف 670.285
رقم المادة C C
100 1# - المدخل الرئيسى - إسم شخصى
الإسم الشخصى COTICCHIA, MARKE
245 10 - بيان العنوان
العنوان CAD\CAM\CAE SYSTEMS /
بيان المسئوليه,etc COTICCHIA, MARKE
700 1# - المدخل الاضافى - اسم شخصى
الإسم الشخصى CRAWFORD, GEORGE.W
700 1# - المدخل الاضافى - اسم شخصى
الإسم الشخصى PRESTON, EJWARDJ
260 ## - PUBLICATION, DISTRIBUTION, ETC. (IMPRINT)
تاريخ النشر أو التوزيع 1993
300 ## - الوصف المادى
التعداد 457 P
650 04 - المدخل الاضافى بالموضوع-مصطلح موضوعى
مصطلح موضوعي CAD\ CAM SYSTEMS
942 ## - عناصر المدخل الإضافي( كوها)
مصدر التصنيف او مخطط الترفيف Dewey Decimal Classification
Koha [default] item type كتاب
260 ## - PUBLICATION, DISTRIBUTION, ETC. (IMPRINT)
-- [S.N] :
-- MARCEL DEKKER, INC ،
Holdings
حالة التراجع حالة الفقد حالة تلف ليس للاعارة المكان المؤقت الموقع الحالى تاريخ الاكتساب اجمالي اﻻعارات رقم الطلب الباركود تاريخ اخر مشاهدة تاريخ تفعيل السعر نوع وعاء كوها
        مكتبة القاهرة الكبرى مكتبة القاهرة الكبرى 03/26/2014   670.285\C C 39788 03/26/2014 03/26/2014 كتاب

Powered By

EGPV